000 00572nam a22001817a 4500
005 20251108173633.0
008 250721s2008 xx 000 0 ara d
020 _a9957477757
082 1 4 _a413.3/زاي
100 1 _aزايد، فهد خليل
245 1 0 _aموسوعة الأسماء أحسن الأسماء في تسمية الأبناء /
264 1 _aعمان :
_bدار النفائس للنشر و التوزيع،
_c2008.
300 _a295 ص.
650 1 7 _aأسماء الأشخاص
650 1 7 _aالمعاجم
942 _2ddc
_cBK
999 _c108707
_d108707